书目信息 |
| 题名: |
转基因食品安全法律规制研究
|
|
| 作者: | 罗承炳, , 邵军辉 著 | |
| 分册: | ||
| 出版信息: | 长春 吉林人民出版社 2014 |
|
| 页数: | 252页 | |
| 开本: | 24cm | |
| 丛书名: | ||
| 单 册: | ||
| 中图分类: | D912.104 | |
| 科图分类: | ||
| 主题词: | 转基因食品--zhuai ji yin shi pin--食品卫生法--研究 | |
| 电子资源: | ||
| ISBN: | 978-7-206-10700-9 | |
| 000 | 00884nam0 22002531 450 | |
| 001 | 0122100820 | |
| 005 | 20170322100820.0 | |
| 010 | @a978-7-206-10700-9@dCNY48.00 | |
| 100 | @a20141120d2014 em y0chiy50 ea | |
| 101 | 0 | @achi |
| 102 | @aCN@b220000 | |
| 105 | @ay a 000yy | |
| 106 | @ar | |
| 200 | 1 | @a转基因食品安全法律规制研究@9zhuai ji yin shi pin an quan fa lv gui zhi yan jiu@f罗承炳, 邵军辉著 |
| 210 | @a长春@c吉林人民出版社@d2014 | |
| 215 | @a252页@d24cm | |
| 320 | @a有书目 (第248-252页) | |
| 330 | @a本书主要内容包括: 转基因食品概述、国际公约对转基因产品的规定及评析、主要发达国家转基因食品法律制度经较与启示等。 | |
| 606 | 0 | @a转基因食品@9zhuai ji yin shi pin@x食品卫生法@x研究 |
| 690 | @aD912.104@v5 | |
| 701 | 0 | @a罗承炳,@9luo cheng bing ,@4著 |
| 701 | 0 | @a邵军辉@9shao jun hui@4著 |
| 801 | 0 | @aCN@bTANGWEI@c20170308 |
| 905 | @b0959922-5@dD912.104@e703@f4 | |
| 转基因食品安全法律规制研究/罗承炳, 邵军辉著.-长春:吉林人民出版社,2014 |
| 252页;24cm |
| ISBN 978-7-206-10700-9:CNY48.00 |
| 本书主要内容包括: 转基因食品概述、国际公约对转基因产品的规定及评析、主要发达国家转基因食品法律制度经较与启示等。 |
| ● |
| 相关链接 |
|
|
|
|
正题名:转基因食品安全法律规制研究
索取号:D912.104/703
 
预约/预借
| 序号 | 登录号 | 条形码 | 馆藏地/架位号 | 状态 | 备注 |
| 1 | 0959922 | 209599228 | 第一样本阅览室/ [索取号:D912.104/703] | 在馆 | |
| 2 | 0959923 | 209599237 | 第一借阅区/ [索取号:D912.104/703] | 在馆 | |
| 3 | 0959924 | 209599246 | 第一借阅区/ [索取号:D912.104/703] | 在馆 | |
| 4 | 0959925 | 209599255 | 第一借阅区/ [索取号:D912.104/703] | 在馆 |